000 01591 a2200361 4500
001 46049
005 20260407155733.0
008 260407a2010 arg spa d
003 AR-UNSa-BCEJYS
040 _aAR-UNSa-BCEJYS
_bspa
_cAR-UNSa-BCEJYS
080 _a331.101
_xCuestiones laborales de carácter general. Teoría del trabajo. Ciencia del trabajo
245 1 0 _aConvivir con la incertidumbre
_paproximaciones a la flexibilización y precarización del trabajo en la Argentina
020 _a978-987-1599-40-0
264 1 _aBuenos Aires :
_bEdiciones CICCUS
_c2010
300 _a254 p.
_c23 cm.
505 _a1. Modelos socioeconómicos, organización del trabajo y relaciones laborales - Organización del trabajo y precarización de las relaciones laborales en distintos contextos históricos y empresariales - Formas de subcontratación y de flexibilización laboral, heterogeneidades económicas y sectoriales - Líneas de discusión sobre informalidad y precariedad -
942 _cBK
590 _aniveau_biblio:m niveau_hierar:0
100 1 _aBisio, Raúl H.
700 1 _aQuaranta, Germán
700 1 _aDel Bono, Andrea
700 1 _aBouffartigue, Paul
700 1 _aBoulgourdjian, Nélida
700 1 _aBulloni Yaquinta, María Noel
700 1 _aBusso, Mariana
700 1 _aFabio, Francisco
700 1 _aHenry, Laura
700 1 _aNeffa, Julio César
700 1 _aNeiman, Melina
700 1 _aNovick, Marta
700 1 _aYnoub, Emanuel
856 4 1 _uhttps://www.biblioeco.unsa.edu.ar/pmb/images/libros/L127298.jpg
_yImagen de portada
_qimage/jpeg
999 _c4130
_d4130